000 00689nam a22002057a 4500
005 20100730124347.0
010 _aENG-97443
020 _a9788184840445
_c2250.00
035 _aEN-80976
037 _bDBAD/PUB
082 _a657
100 _a G. Rajendren
_93549
245 _aManagement accounting /
_cRajendren G.
260 _aNew Delhi
_bRegal Publications
_c2009
270 _aF-159, Rajouri Garden,
_bNew Delhi
_e110 027
300 _axiv, 521p.
_c24 cm (Hb)
500 _aIncludes bibliagraphical references and index
942 _2ddc
_cEN
_h657
_mRAJ
999 _c38238
_d38238